| 000 | 00584nam a22001937a 4500 | ||
|---|---|---|---|
| 005 | 20260422102345.0 | ||
| 008 | 260416b |||||||| |||| 00| 0 eng d | ||
| 020 | _a978-1-29243-901-3 | ||
| 050 | _aKD 662 .A45 2024 | ||
| 100 | _aALLBON, EMILY | ||
| 245 | _aELLIOTT AND QUINN'S ENGLISH LEGAL SYSTEM | ||
| 250 | _a22 | ||
| 260 |
_aHARLOW, _bPEARSON EDUCATION LIMITED, _c2024. |
||
| 300 | _aXXXIII,755 P, ILL | ||
| 500 | _aINCLUDES BIBLIOGRAPHY AND INDEX. | ||
| 650 | _a1. LAW- ENGLAND 2. JUSTICE, ADMINISTRATION OF ENGLAND. | ||
| 700 | _aDUA, SANMEET KAUR. | ||
| 942 |
_2lcc _cBK |
||
| 999 |
_c216984 _d216984 |
||